[Event "IV Jugando con las Estrellas 2019"]
[Site "Santa Cruz de la Palma"]
[Date "2019.08.11"]
[Round "4.1"]
[White "Kurajica, Bojan"]
[Black "Gutierrez Olivares, Daniel"]
[Result "1-0"]
[WhiteElo "2494"]
[BlackElo "2320"]
[Annotator "TA"]
[PlyCount "83"]
[EventDate "2019.08.09"]
[EventType "swiss"]
[EventCountry "ESP"]
[SourceTitle "playchess.com"]
[Source "ChessBase"]
[SourceQuality "1"]

{[%evp 12,83,26,5,84,6,65,80,67,74,84,96,104,99,97,96,92,95,93,75,162,64,83,52,108,69,75,55,67,57,65,43,43,23,67,47,152,161,152,64,104,82,160,167,160,173,276,268,262,256,314,316,305,305,303,276,287,250,251,19,350,350,350,350,350,343,341,343,338,338,329,328,322,314]} 1. Nf3 Nf6 2. d4 e6 3. g3 d5 4. Bg2 Be7 5. c4 O-O 6. Qc2 dxc4 7. Qxc4 Qd5 $146 {E06: Closed Catalan: Early deviations} (7... a6 $11) ({Predecessor:} 7... c6 8. O-O b5 9. Qc2 Bb7 10. Nc3 Nbd7 11. Rd1 Qb6 12. a4 b4 13. a5 Qa6 14. Na4 c5 15. dxc5 Be4 16. Qb3 Nxc5 17. Nxc5 Bxc5 {½-½ (34) Gabuzyan,H (2556)-Huschenbeth,N (2590) Greensboro 2018}) 8. Qc2 (8. Qxc7 $16 Bd6 9. Qc3) 8... Qc6 (8... Nc6 $11) 9. Nc3 $14 Qa6 {White is better.} 10. O-O Nc6 11. e4 Nb4 12. Qb1 Qd3 13. a3 Qxb1 14. Rxb1 ({Don't play} 14. Nxb1 $6 Nc2 $11) 14... Na6 15. b4 b6 (15... c6 $16) 16. Bf4 (16. e5 $18 Nd5 17. Nxd5 exd5 18. b5) 16... Bb7 17. Rfe1 Rac8 (17... c6 $14) 18. Ne5 c6 19. Rec1 $36 {[%mdl 2048] White has the initiative.} Rfd8 20. Be3 Nb8 21. Rc2 Nbd7 22. Nxd7 Rxd7 23. h3 c5 ({Black should try} 23... Ne8 $14) 24. dxc5 $16 bxc5 25. b5 ({Better is} 25. e5 $16 Nd5 26. Nxd5 Bxd5 27. bxc5 (27. Bxc5 f6 $16)) 25... c4 26. a4 {[%cal Ba3a4,Ba4a5,Ba5a6][%mdl 32]} Bc5 {[#]} (26... a6 $142) 27. Bxc5 $1 Rxc5 {[#]} 28. a5 $1 Kf8 (28... a6 {was necessary.}) 29. a6 $18 Ba8 30. Na4 Rcc7 31. b6 axb6 32. Nxb6 Rd8 33. Rxc4 Ra7 34. e5 Nd5 35. Rc8 $2 (35. Nxa8 $18 Raxa8 36. Bxd5 exd5 37. Rc7 Rxa6 38. Rbb7) 35... Ke8 $2 {[%mdl 8192]} (35... Rxc8 $11 {and Black stays safe.} 36. Nxc8 Rxa6) 36. Rxd8+ {White has a decisive advantage.} ({Don't do} 36. Rxa8 Rdxa8 37. Nxa8 Rxa8 $18) 36... Kxd8 37. Nxa8 Rxa8 38. Bxd5 exd5 {KR-KR} 39. Rb7 {And now a7 would win.} Rxa6 40. Rxf7 Rg6 41. Kg2 d4 42. Rf4 {Accuracy: White = 51%, Black = 36%.} 1-0

[Event "IV Jugando con las Estrellas 2019"]
[Site "Santa Cruz de la Palma"]
[Date "2019.08.11"]
[Round "4.2"]
[White "Pile, Richard"]
[Black "Klimentov, Evgeny"]
[Result "1-0"]
[WhiteElo "2416"]
[BlackElo "2211"]
[Annotator "ChessBase"]
[PlyCount "119"]
[EventDate "2019.08.09"]
[EventType "swiss"]
[EventCountry "ESP"]
[SourceTitle "playchess.com"]
[Source "ChessBase"]
[SourceQuality "1"]
[TimeControl "5400+30"]

1. e4 {[%emt 0:00:00]} c6 {[%emt 0:00:00]} 2. Nc3 {[%emt 0:00:00]} d5 {[%emt 0:00:00]} 3. Nf3 {[%emt 0:00:00]} Bg4 {[%emt 0:00:01]} 4. h3 {[%emt 0:00:00]} Bxf3 {[%emt 0:00:07]} 5. Qxf3 {[%emt 0:00:06]} e6 {[%emt 0:00:10]} 6. Be2 {[%emt 0:07:52]} Nf6 {[%emt 0:04:01]} 7. d3 {[%emt 0:00:31]} Bb4 {[%emt 0:01:12]} 8. O-O {[%emt 0:00:06]} O-O {[%emt 0:02:14]} 9. Qg3 {[%emt 0:06:37]} Kh8 {[%emt 0:02:44]} 10. Bf4 {[%emt 0:11:33]} Nbd7 {[%emt 0:02:33]} 11. Rfd1 {[%emt 0:11:26]} Rc8 {[%emt 0:03:25]} 12. Bf3 {[%emt 0:02:41]} Re8 {[%emt 0:02:57]} 13. e5 {[%emt 0:11:07]} Ng8 {[%emt 0:00:06]} 14. a3 {[%emt 0:00:04]} Be7 {[%emt 0:01:07]} 15. Bh5 {[%emt 0:01:08]} Rf8 {[%emt 0:01:13]} 16. d4 {[%emt 0:03:06]} c5 {[%emt 0:01:02]} 17. dxc5 {[%emt 0:05:05]} Nxc5 {[%emt 0:01:57]} 18. Rac1 {[%emt 0:08:45]} a6 {[%emt 0:01:46]} 19. Bg4 {[%emt 0:01:23]} f5 {[%emt 0:04:36]} 20. exf6 {[%emt 0:00:15]} Nxf6 {[%emt 0:00:58]} 21. Bf3 {[%emt 0:01:27]} Qb6 {[%emt 0:08:57]} 22. b4 {[%emt 0:05:00]} Ncd7 {[%emt 0:00:46]} 23. Ne2 {[%emt 0:00:03]} Rfe8 {[%emt 0:10:18]} 24. c4 {[%emt 0:09:06]} e5 {[%emt 0:01:51]} 25. Be3 {[%emt 0:00:03]} d4 {[%emt 0:00:31]} 26. c5 {[%emt 0:00:03]} Qc7 {[%emt 0:04:14]} 27. Nxd4 {[%emt 0:03:21]} exd4 {[%emt 0:02:35]} 28. Bf4 {[%emt 0:02:57]} Qd8 {[%emt 0:00:06]} 29. Rxd4 {[%emt 0:02:59]} Rc6 {[%emt 0:00:18]} 30. Bxc6 {[%emt 0:04:50]} bxc6 {[%emt 0:00:02]} 31. Qd3 {[%emt 0:00:14]} Qc8 {[%emt 0:00:34]} 32. Re1 {[%emt 0:01:05]} Nd5 {[%emt 0:02:51]} 33. Bd2 {[%emt 0:00:05]} N7f6 {[%emt 0:00:37]} 34. Qc4 {[%emt 0:00:18]} Rd8 {[%emt 0:00:46]} 35. Bc1 {[%emt 0:00:25]} Qb7 {[%emt 0:02:01]} 36. Qd3 {[%emt 0:00:14]} Rf8 {[%emt 0:00:39]} 37. Bd2 {[%emt 0:00:13]} Bd8 {[%emt 0:00:43]} 38. Qc4 {[%emt 0:00:05]} Bc7 {[%emt 0:00:40]} 39. a4 {[%emt 0:00:16]} Rb8 {[%emt 0:00:45]} 40. Rb1 {[%emt 0:00:41]} Nd7 {[%emt 0:01:57]} 41. Qc2 {[%emt 0:00:14]} Be5 {[%emt 0:01:16]} 42. Re4 {[%emt 0:00:05]} Qc7 {[%emt 0:00:43]} 43. Qc4 {[%emt 0:00:19]} Bf6 {[%emt 0:01:03]} 44. Rbe1 {[%emt 0:00:16]} Ne5 {[%emt 0:02:02]} 45. Qxa6 {[%emt 0:00:09]} Rf8 {[%emt 0:00:18]} 46. Qe2 {[%emt 0:00:16]} Qf7 {[%emt 0:00:30]} 47. Kh1 {[%emt 0:00:21]} h6 {[%emt 0:03:00]} 48. Rxe5 {[%emt 0:01:37]} Bxe5 {[%emt 0:00:02]} 49. Qxe5 {[%emt 0:00:08]} Qxf2 {[%emt 0:00:06]} 50. Bxh6 {[%emt 0:02:52]} Rf6 {[%emt 0:00:06]} 51. Bg5 {[%emt 0:00:41]} Rf5 {[%emt 0:00:27]} 52. Qe8+ {[%emt 0:00:06]} Rf8 {[%emt 0:00:08]} 53. Qh5+ {[%emt 0:00:14]} Kg8 {[%emt 0:00:06]} 54. Qe2 {[%emt 0:00:05]} Qg3 {[%emt 0:00:16]} 55. Bd2 {[%emt 0:00:19]} g6 {[%emt 0:01:05]} 56. Qe6+ {[%emt 0:00:53]} Kh7 {[%emt 0:00:11]} 57. Qxc6 {[%emt 0:00:21]} Qd3 {[%emt 0:00:17]} 58. Qd7+ {[%emt 0:01:37]} Kh8 {[%emt 0:00:08]} 59. Bh6 {[%emt 0:00:53]} Qc3 {[%emt 0:00:58]} 60. Bg7+ {[%emt 0:00:19]} 1-0

[Event "IV Jugando con las Estrellas 2019"]
[Site "Santa Cruz de la Palma"]
[Date "2019.08.11"]
[Round "4.3"]
[White "Bressac, Stephane"]
[Black "Pap, Misa"]
[Result "1-0"]
[WhiteElo "2345"]
[BlackElo "2454"]
[Annotator "ChessBase"]
[PlyCount "85"]
[EventDate "2019.08.09"]
[EventType "swiss"]
[EventCountry "ESP"]
[SourceTitle "playchess.com"]
[Source "ChessBase"]
[SourceQuality "1"]
[TimeControl "5400+30"]

1. e4 {[%emt 0:00:00]} e5 {[%emt 0:00:00]} 2. Nf3 {[%emt 0:00:00]} Nc6 {[%emt 0:00:00]} 3. Nc3 {[%emt 0:00:00]} Nf6 {[%emt 0:00:00]} 4. Bb5 {[%emt 0:00:00]} Bd6 {[%emt 0:00:00]} 5. a3 {[%emt 0:00:00]} Nd4 {[%emt 0:11:41]} 6. Bc4 {[%emt 0:10:03]} c6 {[%emt 0:06:52]} 7. d3 {[%emt 0:02:59]} Nxf3+ {[%emt 0:11:30]} 8. Qxf3 {[%emt 0:00:49]} O-O {[%emt 0:00:06]} 9. g4 {[%emt 0:00:47]} b5 {[%emt 0:03:45]} 10. Bb3 {[%emt 0:01:43]} b4 {[%emt 0:00:21]} 11. axb4 {[%emt 0:00:57]} Bxb4 {[%emt 0:00:05]} 12. g5 {[%emt 0:00:23]} Ne8 {[%emt 0:00:07]} 13. h4 {[%emt 0:03:01]} Nc7 {[%emt 0:00:23]} 14. Qg3 {[%emt 0:08:29]} d5 {[%emt 0:10:24]} 15. Bd2 {[%emt 0:03:15]} Bd6 {[%emt 0:12:17]} 16. g6 {[%emt 0:02:10]} fxg6 {[%emt 0:10:02]} 17. O-O-O {[%emt 0:09:32]} Be6 {[%emt 0:00:13]} 18. h5 {[%emt 0:00:03]} g5 {[%emt 0:00:06]} 19. Bxg5 {[%emt 0:02:06]} Qd7 {[%emt 0:00:01]} 20. exd5 {[%emt 0:08:05]} cxd5 {[%emt 0:00:32]} 21. Qg2 {[%emt 0:01:17]} Bc5 {[%emt 0:07:16]} 22. Qg3 {[%emt 0:04:16]} Bd4 {[%emt 0:06:50]} 23. Ne2 {[%emt 0:01:33]} Bxf2 {[%emt 0:00:14]} 24. Qxe5 {[%emt 0:01:01]} Rf5 {[%emt 0:00:08]} 25. Qh2 {[%emt 0:00:09]} Raf8 {[%emt 0:05:02]} 26. Bd2 {[%emt 0:03:31]} d4 {[%emt 0:01:37]} 27. Ng3 {[%emt 0:00:02]} Rf3 {[%emt 0:01:01]} 28. Ne4 {[%emt 0:02:47]} Bxb3 {[%emt 0:00:19]} 29. Nc5 {[%emt 0:01:13]} Qc6 {[%emt 0:00:24]} 30. Nxb3 {[%emt 0:00:11]} Ne6 {[%emt 0:09:34]} 31. Kb1 {[%emt 0:01:50]} Nc5 {[%emt 0:00:26]} 32. h6 {[%emt 0:02:20]} Bg3 {[%emt 0:00:38]} 33. Nxd4 {[%emt 0:02:39]} Qd5 {[%emt 0:01:42]} 34. Qh5 {[%emt 0:00:01]} Qxd4 {[%emt 0:01:45]} 35. hxg7 {[%emt 0:00:24]} Qxg7 {[%emt 0:00:21]} 36. Qxc5 {[%emt 0:00:14]} Bf2 {[%emt 0:00:56]} 37. Qd5+ {[%emt 0:00:33]} Qf7 {[%emt 0:00:49]} 38. Qg5+ {[%emt 0:00:12]} Qg6 {[%emt 0:00:06]} 39. Qd5+ {[%emt 0:00:41]} R3f7 {[%emt 0:00:34]} 40. Rh2 {[%emt 0:02:47]} Bg3 {[%emt 0:01:14]} 41. Rg2 {[%emt 0:00:15]} h5 {[%emt 0:00:04]} 42. Rh1 {[%emt 0:00:16]} Qg4 {[%emt 0:00:42]} 43. Rxh5 {[%emt 0:00:28]} 1-0

[Event "IV Jugando con las Estrellas 2019"]
[Site "Santa Cruz de la Palma"]
[Date "2019.08.11"]
[Round "4.4"]
[White "Ramirez Medina, Victor"]
[Black "Pakleza, Zbigniew"]
[Result "1/2-1/2"]
[WhiteElo "2270"]
[BlackElo "2499"]
[Annotator "ChessBase"]
[PlyCount "60"]
[EventDate "2019.08.09"]
[EventType "swiss"]
[EventCountry "ESP"]
[SourceTitle "playchess.com"]
[Source "ChessBase"]
[SourceQuality "1"]
[TimeControl "5400+30"]

1. Nf3 {[%emt 0:00:00]} Nf6 {[%emt 0:01:02]} 2. c4 {[%emt 0:00:39]} d6 {[%emt 0:02:02]} 3. d4 {[%emt 0:00:46]} Bg4 {[%emt 0:02:18]} 4. e3 {[%emt 0:07:33]} Nbd7 {[%emt 0:00:29]} 5. Be2 {[%emt 0:00:22]} e5 {[%emt 0:02:08]} 6. Nc3 {[%emt 0:00:30]} c6 {[%emt 0:00:45]} 7. Qc2 {[%emt 0:03:20]} Be7 {[%emt 0:00:59]} 8. O-O {[%emt 0:00:52]} O-O {[%emt 0:00:03]} 9. Rd1 {[%emt 0:01:29]} Qc7 {[%emt 0:00:17]} 10. b3 {[%emt 0:06:36]} Rfe8 {[%emt 0:00:27]} 11. Bb2 {[%emt 0:00:59]} Bf8 {[%emt 0:02:18]} 12. d5 {[%emt 0:05:35]} a6 {[%emt 0:06:53]} 13. h3 {[%emt 0:02:43]} Bxf3 {[%emt 0:03:12]} 14. Bxf3 {[%emt 0:01:04]} c5 {[%emt 0:00:28]} 15. g3 {[%emt 0:01:53]} g6 {[%emt 0:02:22]} 16. Bg2 {[%emt 0:01:54]} Nh5 {[%emt 0:02:39]} 17. e4 {[%emt 0:02:58]} Bh6 {[%emt 0:03:53]} 18. Rf1 {[%emt 0:05:06]} Re7 {[%emt 0:06:52]} 19. Ne2 {[%emt 0:03:25]} Rf8 {[%emt 0:08:52]} 20. Bc1 {[%emt 0:09:52]} Bxc1 {[%emt 0:01:34]} 21. Qxc1 {[%emt 0:00:30]} Ng7 {[%emt 0:13:53]} 22. Qd2 {[%emt 0:05:12]} Qd8 {[%emt 0:05:47]} 23. Rae1 {[%emt 0:01:43]} Ree8 {[%emt 0:01:53]} 24. Qc3 {[%emt 0:10:33]} f6 {[%emt 0:07:23]} 25. Qd2 {[%emt 0:02:19]} Rf7 {[%emt 0:01:31]} 26. Qc3 {[%emt 0:01:12]} Ref8 {[%emt 0:02:29]} 27. Qd2 {[%emt 0:01:13]} Re8 {[%emt 0:06:07]} 28. Qc3 {[%emt 0:00:43]} Rfe7 {[%emt 0:00:15]} 29. Qd2 {[%emt 0:01:15]} Qb6 {[%emt 0:04:44]} 30. Nc1 {[%emt 0:05:44]} Qd8 {[%emt 0:00:34]} 1/2-1/2

[Event "IV Jugando con las Estrellas 2019"]
[Site "Santa Cruz de la Palma"]
[Date "2019.08.11"]
[Round "4.5"]
[White "Kolosowski, Mateusz"]
[Black "Alvarado Diaz, Alejandro"]
[Result "1/2-1/2"]
[WhiteElo "2458"]
[BlackElo "2391"]
[Annotator "ChessBase"]
[PlyCount "50"]
[EventDate "2019.08.09"]
[EventType "swiss"]
[EventCountry "ESP"]
[SourceTitle "playchess.com"]
[Source "ChessBase"]
[SourceQuality "1"]
[TimeControl "5400+30"]

1. d4 {[%emt 0:00:00]} Nf6 {[%emt 0:00:00]} 2. c4 {[%emt 0:00:00]} e6 {[%emt 0:00:06]} 3. g3 {[%emt 0:00:13]} d5 {[%emt 0:00:11]} 4. Bg2 {[%emt 0:00:15]} Bb4+ {[%emt 0:00:41]} 5. Nd2 {[%emt 0:00:18]} O-O {[%emt 0:00:52]} 6. Ngf3 {[%emt 0:00:42]} b6 {[%emt 0:11:35]} 7. O-O {[%emt 0:04:33]} Bb7 {[%emt 0:00:51]} 8. cxd5 {[%emt 0:03:46]} exd5 {[%emt 0:00:29]} 9. Ne5 {[%emt 0:00:25]} Nbd7 {[%emt 0:02:24]} 10. Ndf3 {[%emt 0:09:19]} Nxe5 {[%emt 0:11:20]} 11. Nxe5 {[%emt 0:03:09]} Bd6 {[%emt 0:00:34]} 12. Bg5 {[%emt 0:25:11]} Re8 {[%emt 0:01:34]} 13. f4 {[%emt 0:00:40]} Be7 {[%emt 0:02:56]} 14. Qb3 {[%emt 0:02:46]} h6 {[%emt 0:07:54]} 15. e4 {[%emt 0:18:29]} hxg5 {[%emt 0:21:56]} 16. fxg5 {[%emt 0:00:01]} Rf8 {[%emt 0:00:24]} 17. gxf6 {[%emt 0:01:03]} Bxf6 {[%emt 0:00:05]} 18. exd5 {[%emt 0:00:58]} Qd6 {[%emt 0:00:10]} 19. Nc4 {[%emt 0:08:28]} Bxd4+ {[%emt 0:02:11]} 20. Kh1 {[%emt 0:00:02]} Qd7 {[%emt 0:00:22]} 21. Na5 {[%emt 0:06:11]} bxa5 {[%emt 0:02:45]} 22. Qxb7 {[%emt 0:00:02]} Rab8 {[%emt 0:00:18]} 23. Qa6 {[%emt 0:00:02]} Qb5 {[%emt 0:03:27]} 24. Qxb5 {[%emt 0:00:57]} Rxb5 {[%emt 0:00:05]} 25. Rac1 {[%emt 0:00:58]} Be5 {[%emt 0:00:53]} 1/2-1/2

[Event "IV Jugando con las Estrellas 2019"]
[Site "Santa Cruz de la Palma"]
[Date "2019.08.11"]
[Round "4.6"]
[White "Rodriguez Ferraz, Borja"]
[Black "Barbot, Pierre"]
[Result "0-1"]
[WhiteElo "2227"]
[BlackElo "2441"]
[Annotator "ChessBase"]
[PlyCount "140"]
[EventDate "2019.08.09"]
[EventType "swiss"]
[EventCountry "ESP"]
[SourceTitle "playchess.com"]
[Source "ChessBase"]
[SourceQuality "1"]
[TimeControl "5400+30"]

1. d4 {[%emt 0:00:00]} Nf6 {[%emt 0:00:00]} 2. c4 {[%emt 0:00:00]} e6 {[%emt 0:00:00]} 3. Nf3 {[%emt 0:00:00]} Bb4+ {[%emt 0:00:00]} 4. Bd2 {[%emt 0:00:04]} Qe7 {[%emt 0:00:00]} 5. g3 {[%emt 0:00:16]} Nc6 {[%emt 0:00:00]} 6. Bg2 {[%emt 0:00:15]} Bxd2+ {[%emt 0:00:00]} 7. Qxd2 {[%emt 0:00:11]} Ne4 {[%emt 0:00:02]} 8. Qc2 {[%emt 0:02:52]} Qb4+ {[%emt 0:00:06]} 9. Nc3 {[%emt 0:04:03]} Nxc3 {[%emt 0:00:04]} 10. Qxc3 {[%emt 0:00:12]} Qxc3+ {[%emt 0:00:04]} 11. bxc3 {[%emt 0:00:06]} d6 {[%emt 0:00:35]} 12. Rb1 {[%emt 0:02:07]} Rb8 {[%emt 0:01:24]} 13. Nd2 {[%emt 0:03:06]} Na5 {[%emt 0:02:41]} 14. Rb5 {[%emt 0:06:08]} b6 {[%emt 0:00:59]} 15. c5 {[%emt 0:00:37]} dxc5 {[%emt 0:04:20]} 16. dxc5 {[%emt 0:01:15]} Ke7 {[%emt 0:00:06]} 17. cxb6 {[%emt 0:00:49]} cxb6 {[%emt 0:00:05]} 18. Nb3 {[%emt 0:01:05]} Bd7 {[%emt 0:05:25]} 19. Rb4 {[%emt 0:07:35]} Nc6 {[%emt 0:00:07]} 20. Bxc6 {[%emt 0:00:22]} Bxc6 {[%emt 0:00:07]} 21. f3 {[%emt 0:00:11]} Rhc8 {[%emt 0:03:40]} 22. Kd2 {[%emt 0:01:28]} Rc7 {[%emt 0:02:09]} 23. Rc1 {[%emt 0:00:46]} Rd8+ {[%emt 0:00:35]} 24. Ke3 {[%emt 0:00:13]} Rdc8 {[%emt 0:00:04]} 25. Rh4 {[%emt 0:01:57]} h6 {[%emt 0:00:07]} 26. Kd2 {[%emt 0:05:54]} e5 {[%emt 0:01:26]} 27. f4 {[%emt 0:01:55]} exf4 {[%emt 0:02:01]} 28. gxf4 {[%emt 0:00:24]} Bd5 {[%emt 0:01:59]} 29. Rh5 {[%emt 0:07:38]} Rd7 {[%emt 0:02:56]} 30. Ke1 {[%emt 0:02:12]} Rc4 {[%emt 0:01:22]} 31. Nd4 {[%emt 0:08:10]} Ra4 {[%emt 0:01:16]} 32. Re5+ {[%emt 0:00:58]} Kf8 {[%emt 0:02:54]} 33. Rd1 {[%emt 0:01:09]} f6 {[%emt 0:04:05]} 34. Rh5 {[%emt 0:04:50]} Bf7 {[%emt 0:00:26]} 35. Rh3 {[%emt 0:00:11]} Rxa2 {[%emt 0:00:11]} 36. e4 {[%emt 0:00:06]} Re7 {[%emt 0:12:22]} 37. e5 {[%emt 0:16:44]} fxe5 {[%emt 0:01:05]} 38. Nc6 {[%emt 0:00:07]} Re6 {[%emt 0:00:28]} 39. Nxe5 {[%emt 0:01:15]} Ra4 {[%emt 0:00:06]} 40. Re3 {[%emt 0:04:16]} Kg8 {[%emt 0:05:45]} 41. Rd8+ {[%emt 0:01:01]} Kh7 {[%emt 0:00:40]} 42. f5 {[%emt 0:00:12]} Re7 {[%emt 0:16:51]} 43. Kd2 {[%emt 0:04:38]} Ra2+ {[%emt 0:00:50]} 44. Kc1 {[%emt 0:00:07]} Be8 {[%emt 0:01:27]} 45. h4 {[%emt 0:06:25]} Ra1+ {[%emt 0:07:17]} 46. Kd2 {[%emt 0:00:36]} Rf1 {[%emt 0:03:11]} 47. Nc4 {[%emt 0:02:08]} Rd7+ {[%emt 0:00:13]} 48. Rxd7 {[%emt 0:00:07]} Bxd7 {[%emt 0:00:03]} 49. Re7 {[%emt 0:00:17]} Bxf5 {[%emt 0:00:37]} 50. Rxa7 {[%emt 0:00:06]} Rf4 {[%emt 0:00:58]} 51. Nxb6 {[%emt 0:00:08]} Rxh4 {[%emt 0:00:05]} 52. c4 {[%emt 0:00:12]} Re4 {[%emt 0:01:14]} 53. Kc3 {[%emt 0:01:17]} h5 {[%emt 0:00:14]} 54. Nd5 {[%emt 0:00:15]} Kh6 {[%emt 0:01:11]} 55. Ne7 {[%emt 0:02:48]} Be6 {[%emt 0:02:45]} 56. Kd3 {[%emt 0:00:01]} Re1 {[%emt 0:00:13]} 57. Kd2 {[%emt 0:02:56]} Re5 {[%emt 0:00:10]} 58. Nc6 {[%emt 0:00:51]} Rc5 {[%emt 0:02:07]} 59. Nd4 {[%emt 0:00:05]} Bxc4 {[%emt 0:00:17]} 60. Ke3 {[%emt 0:00:08]} g6 {[%emt 0:01:03]} 61. Nf3 {[%emt 0:01:07]} Rf5 {[%emt 0:00:39]} 62. Rd7 {[%emt 0:00:15]} Be6 {[%emt 0:01:30]} 63. Rd6 {[%emt 0:00:09]} Bf7 {[%emt 0:00:26]} 64. Ke4 {[%emt 0:00:06]} Kg7 {[%emt 0:00:58]} 65. Rd7 {[%emt 0:00:42]} Kf6 {[%emt 0:00:44]} 66. Rd6+ {[%emt 0:00:26]} Ke7 {[%emt 0:00:10]} 67. Rd2 {[%emt 0:00:23]} Ra5 {[%emt 0:01:07]} 68. Nd4 {[%emt 0:00:23]} Bd5+ {[%emt 0:00:49]} 69. Kf4 {[%emt 0:00:07]} Kf6 {[%emt 0:00:07]} 70. Rf2 {[%emt 0:01:04]} Ra3 {[%emt 0:00:11] Ke5+ Kxe5} 0-1

[Event "IV Jugando con las Estrellas 2019"]
[Site "Santa Cruz de la Palma"]
[Date "2019.08.11"]
[Round "4.7"]
[White "Garcia Padron, Jose"]
[Black "Roeder, Matthias"]
[Result "0-1"]
[WhiteElo "2415"]
[BlackElo "2380"]
[Annotator "ChessBase"]
[PlyCount "84"]
[EventDate "2019.08.09"]
[EventType "swiss"]
[EventCountry "ESP"]
[SourceTitle "playchess.com"]
[Source "ChessBase"]
[SourceQuality "1"]
[TimeControl "5400+30"]

1. e4 {[%emt 0:03:07]} c5 {[%emt 0:00:00]} 2. Nc3 {[%emt 0:00:11]} d6 {[%emt 0:04:00]} 3. g3 {[%emt 0:00:32]} Nc6 {[%emt 0:00:44]} 4. Bg2 {[%emt 0:00:09]} g6 {[%emt 0:00:06]} 5. d3 {[%emt 0:00:41]} Bg7 {[%emt 0:00:09]} 6. Nge2 {[%emt 0:03:28]} e6 {[%emt 0:04:15]} 7. Be3 {[%emt 0:00:26]} Nd4 {[%emt 0:00:14]} 8. O-O {[%emt 0:01:56]} Ne7 {[%emt 0:01:01]} 9. Qd2 {[%emt 0:01:16]} Qa5 {[%emt 0:00:14]} 10. Nc1 {[%emt 0:02:58]} Bd7 {[%emt 0:05:02]} 11. Rb1 {[%emt 0:15:39]} Nec6 {[%emt 0:15:21]} 12. a3 {[%emt 0:04:28]} Rc8 {[%emt 0:06:49]} 13. Qd1 {[%emt 0:05:53]} O-O {[%emt 0:03:04]} 14. Bf4 {[%emt 0:00:32]} Ne5 {[%emt 0:02:01]} 15. Bd2 {[%emt 0:06:04]} b5 {[%emt 0:07:54]} 16. f4 {[%emt 0:10:56]} Nec6 {[%emt 0:01:52]} 17. N3a2 {[%emt 0:01:20]} b4 {[%emt 0:03:22]} 18. c3 {[%emt 0:01:46]} b3 {[%emt 0:00:02]} 19. Nxb3 {[%emt 0:00:30]} Nxb3 {[%emt 0:00:06]} 20. Qxb3 {[%emt 0:00:07]} Rb8 {[%emt 0:08:50]} 21. Qc2 {[%emt 0:01:09]} Rfc8 {[%emt 0:00:55]} 22. Kh1 {[%emt 0:14:23]} Qa6 {[%emt 0:00:14]} 23. Nc1 {[%emt 0:02:33]} Ne7 {[%emt 0:00:52]} 24. Ne2 {[%emt 0:01:18]} c4 {[%emt 0:05:13]} 25. dxc4 {[%emt 0:01:34]} Qxc4 {[%emt 0:00:16]} 26. Be3 {[%emt 0:00:16]} Qa6 {[%emt 0:02:04]} 27. Qd2 {[%emt 0:02:57]} Bb5 {[%emt 0:02:42]} 28. Bf3 {[%emt 0:00:14]} d5 {[%emt 0:03:35]} 29. e5 {[%emt 0:00:35]} Nf5 {[%emt 0:00:05]} 30. Bf2 {[%emt 0:02:52]} Bd3 {[%emt 0:00:39]} 31. Rbd1 {[%emt 0:00:40]} Be4 {[%emt 0:00:09]} 32. Bd4 {[%emt 0:02:31]} h5 {[%emt 0:00:43]} 33. h3 {[%emt 0:02:08]} Qxe2 {[%emt 0:00:20]} 34. Qxe2 {[%emt 0:00:09]} Nxg3+ {[%emt 0:00:06]} 35. Kh2 {[%emt 0:00:40]} Nxe2 {[%emt 0:00:06]} 36. Bxe2 {[%emt 0:00:05]} Rxb2 {[%emt 0:01:08]} 37. Rf2 {[%emt 0:00:01]} Bf8 {[%emt 0:02:10]} 38. Bxa7 {[%emt 0:01:47]} Bc5 {[%emt 0:00:28]} 39. Bxc5 {[%emt 0:01:50]} Rxc5 {[%emt 0:00:04]} 40. Kg1 {[%emt 0:00:14]} Rxc3 {[%emt 0:00:18]} 41. Bf1 {[%emt 0:02:38]} Rxf2 {[%emt 0:00:23]} 42. Kxf2 {[%emt 0:00:02]} Rxa3 {[%emt 0:00:29]} 0-1

[Event "IV Jugando con las Estrellas 2019"]
[Site "Santa Cruz de la Palma"]
[Date "2019.08.11"]
[Round "4.8"]
[White "Alonso Bouza, Julio Javier"]
[Black "Ambartsumova, Karina"]
[Result "1-0"]
[WhiteElo "2393"]
[BlackElo "2359"]
[Annotator "ChessBase"]
[PlyCount "81"]
[EventDate "2019.08.09"]
[EventType "swiss"]
[EventCountry "ESP"]
[SourceTitle "playchess.com"]
[Source "ChessBase"]
[SourceQuality "1"]
[TimeControl "5400+30"]

1. e4 {[%emt 0:00:00]} e5 {[%emt 0:00:02]} 2. Nf3 {[%emt 0:00:00]} Nc6 {[%emt 0:00:32]} 3. Bb5 {[%emt 0:00:00]} Nf6 {[%emt 0:00:59]} 4. Qe2 {[%emt 0:00:02]} Bd6 {[%emt 0:02:51]} 5. c3 {[%emt 0:00:19]} O-O {[%emt 0:01:48]} 6. d3 {[%emt 0:02:03]} Re8 {[%emt 0:01:50]} 7. h3 {[%emt 0:06:22]} Bf8 {[%emt 0:05:22]} 8. Bg5 {[%emt 0:05:37]} d6 {[%emt 0:08:58]} 9. Nbd2 {[%emt 0:07:55]} Bd7 {[%emt 0:05:38]} 10. a4 {[%emt 0:00:23]} h6 {[%emt 0:05:07]} 11. Bxf6 {[%emt 0:08:01]} Qxf6 {[%emt 0:00:24]} 12. Nf1 {[%emt 0:00:39]} d5 {[%emt 0:12:18]} 13. Ne3 {[%emt 0:07:08]} d4 {[%emt 0:00:50]} 14. Ng4 {[%emt 0:09:10]} Qd6 {[%emt 0:02:49]} 15. O-O {[%emt 0:00:51]} h5 {[%emt 0:15:16]} 16. Ngh2 {[%emt 0:00:25]} dxc3 {[%emt 0:02:50]} 17. bxc3 {[%emt 0:00:02]} a6 {[%emt 0:00:04]} 18. Bc4 {[%emt 0:01:03]} Be6 {[%emt 0:00:11]} 19. Bxe6 {[%emt 0:12:50]} Qxe6 {[%emt 0:00:03]} 20. Ng5 {[%emt 0:00:59]} Qg6 {[%emt 0:00:51]} 21. h4 {[%emt 0:00:28]} f6 {[%emt 0:07:31]} 22. Nh3 {[%emt 0:05:05]} Rad8 {[%emt 0:02:27]} 23. f4 {[%emt 0:05:02]} Bd6 {[%emt 0:04:10]} 24. f5 {[%emt 0:01:44]} Qh6 {[%emt 0:00:00]} 25. Rf3 {[%emt 0:02:34]} Rd7 {[%emt 0:00:52]} 26. Kh1 {[%emt 0:02:30]} Red8 {[%emt 0:01:42]} 27. Rg3 {[%emt 0:03:04]} Bc5 {[%emt 0:00:11]} 28. Rf1 {[%emt 0:04:05]} Kf8 {[%emt 0:01:28]} 29. Ng5 {[%emt 0:04:42]} fxg5 {[%emt 0:00:36]} 30. hxg5 {[%emt 0:00:01]} Qh8 {[%emt 0:01:59]} 31. Rh3 {[%emt 0:00:30]} Qg8 {[%emt 0:05:01]} 32. Rxh5 {[%emt 0:03:37]} Rxd3 {[%emt 0:00:22]} 33. Qg4 {[%emt 0:00:42]} Ke8 {[%emt 0:03:06]} 34. f6 {[%emt 0:06:49]} gxf6 {[%emt 0:00:13]} 35. g6 {[%emt 0:00:58]} Be7 {[%emt 0:07:53]} 36. g7 {[%emt 0:00:29]} Kf7 {[%emt 0:00:06]} 37. Qf5 {[%emt 0:01:40]} Kxg7 {[%emt 0:00:38]} 38. Ng4 {[%emt 0:00:34]} Rd1 {[%emt 0:00:54]} 39. Rxd1 {[%emt 0:00:07]} Rxd1+ {[%emt 0:00:01]} 40. Kh2 {[%emt 0:00:01]} Rf1 {[%emt 0:01:26]} 41. Qxf1 {[%emt 0:00:10]} 1-0